| 000 | 00961cam a22002655a 4500 | ||
|---|---|---|---|
| 003 | EG-ScBUE | ||
| 005 | 20211122111422.0 | ||
| 008 | 090818s2005 ua f 000 p ara dd | ||
| 040 |
_aEG-ScBUE _bara _erda _cEG-ScBUE _dEG-ScBUE |
||
| 082 | 0 | 4 |
_a892.716 _bس م ي _222 |
| 100 | 1 |
_aسمير، مؤمن، _eمؤلف. _941153 |
|
| 245 | 1 | 0 |
_aممر عميان الحروب : _bشعر / _cمؤمن سمير. |
| 264 | 1 |
_aالقاهرة : _bالهيئة العامة لقصور الثقافة، _c2005. |
|
| 300 |
_a136 صفحة ؛ _c18 سم. |
||
| 336 |
_2rdacontent _aنص _btxt |
||
| 337 |
_2rdamedia _aبدون وسيط _bn |
||
| 338 |
_2rdacarrier _aمجلد _bnc |
||
| 490 | 0 |
_aسلسلة أصوات أدبية ؛ _v362 |
|
| 590 | _adoaa mohamed | ||
| 650 | 7 |
_98541 _aالشعر العربي _xدواوين وقصائد _zمصر. _2BUEsh |
|
| 651 | _2BUEsh | ||
| 653 |
_bARALIT _cAugust2015 |
||
| 655 |
_vReading book _934232 |
||
| 942 |
_2ddc _cBB _k892.716 س م ي |
||
| 999 |
_c12615 _d12615 |
||